| 000 | 01119nam a2200337 i 4500 | ||
|---|---|---|---|
| 003 | EG-GICUC | ||
| 005 | 20260427225038.0 | ||
| 008 | 260427b1953 fr ||||f |||| 00| 0bfre d | ||
| 040 |
_aEG-GiCUC _cEG-GiCUC _dEG-GiCUC _eRda _bfre |
||
| 041 | _afre | ||
| 082 | 0 | 4 |
_221 _a343.81 _bSO . M |
| 092 | 0 | 4 | _221 |
| 099 | _aLaw1 10 343.81 SO . M 1953 1011363 C1 | ||
| 100 | 1 |
_aSöderman, Harry _eAuteur |
|
| 245 | 1 | 0 |
_aManuel D'enquête Criminelle Moderne / _cPar Harry Söderman, John J. O'connell ; Traduction De Jacques David. |
| 264 | 1 |
_aPayot, Paris : _bFunk & Wegnalls Company , _c1953. |
|
| 300 |
_a452 page ; _c24 cm. |
||
| 336 |
_2rda contenu _a texte |
||
| 337 |
_2rda medias _aOrdinateur |
||
| 338 |
_2 transporteur rda _a Ressource en ligne |
||
| 490 | 0 | _3Bibliotheque Scientifique | |
| 504 | _aBibliography pages : 442-452. | ||
| 650 | 1 | 4 | _aDroit pénal |
| 650 | 1 | 4 | _aPolice scientifique |
| 651 | 1 | _2qrmak | |
| 700 | 1 |
_aO'connell, John J. _eAuteur |
|
| 700 | 1 |
_aDavid, Jacques _eTraducteur |
|
| 856 | 4 | 0 | _uhttps://fll.law.cu.edu.eg/fulltext/bks/B10-11363pdf |
| 905 | _a164 | ||
| 942 |
_2ddc _cBK _e21 _n0 |
||
| 999 |
_c73729 _d73729 |
||